ONLINE PUBLIC ACCESS CATALOG(OPAC)

Gora (Record no. 65470)

MARC details
000 -LEADER
fixed length control field 00325nam a2200133 4500
008 - FIXED-LENGTH DATA ELEMENTS--GENERAL INFORMATION
fixed length control field 260211b |||||||| |||| 00| 0 eng d
020 ## - INTERNATIONAL STANDARD BOOK NUMBER
International Standard Book Number 9789362143792
082 ## - DEWEY DECIMAL CLASSIFICATION NUMBER
Classification number 891.443 TAG
100 ## - MAIN ENTRY--PERSONAL NAME
Personal name Tagore, Rabindra
245 ## - TITLE STATEMENT
Title Gora
260 ## - PUBLICATION, DISTRIBUTION, ETC. (IMPRINT)
Place of publication, distribution, etc New Delhi
Name of publisher, distributor, etc Fingerprint Publishing
Date of publication, distribution, etc 2025
300 ## - PHYSICAL DESCRIPTION
Extent 446 pages
942 ## - ADDED ENTRY ELEMENTS (KOHA)
Source of classification or shelving scheme Dewey Decimal Classification
Item type Books
Holdings
Withdrawn status Lost status Source of classification or shelving scheme Damaged status Not for loan Collection code Home library Current library Shelving location Date acquired Source of acquisition Cost, normal purchase price Total Checkouts Full call number Barcode Date last seen Koha item type Public note
    Dewey Decimal Classification     Non-fiction College of Journalism & Mass Communication College of Journalism & Mass Communication College of Journalism and Mass Communica 11/02/2026 Campus Book House 699.00   891.443 TAG JM560 11/02/2026 Reference Rack No. 13 Shelf No. 35

Powered by Koha